• AIU
  • Tony Wilmot Memorial Library

Toward partnership in development : (Record no. 45452)

MARC details
000 -LEADER
fixed length control field 00911nam a22002057a 4500
003 - CONTROL NUMBER IDENTIFIER
control field OSt
005 - DATE AND TIME OF LATEST TRANSACTION
control field 20110718134526.0
008 - FIXED-LENGTH DATA ELEMENTS--GENERAL INFORMATION
fixed length control field 100409t xxu||||| |||| 00| 0 eng d
040 ## - CATALOGING SOURCE
Original cataloging agency NEGST Library - Kenya
Transcribing agency NEGST Library - Kenya
Modifying agency NEGST Library - Kenya
050 14 - LIBRARY OF CONGRESS CALL NUMBER
Classification number HN 49.C6
Item number T74 1993
245 ## - TITLE STATEMENT
Title Toward partnership in development :
Remainder of title a handbook for PRA practioners /
Statement of responsibility, etc compiled by participants.
260 ## - PUBLICATION, DISTRIBUTION, ETC. (IMPRINT)
Place of publication, distribution, etc London :
Name of publisher, distributor, etc Sustainable Agricultural Programme, International Institute for Environment and Development,
Date of publication, distribution, etc 1993.
300 ## - PHYSICAL DESCRIPTION
Extent 45 p. :
Other physical details ill.
500 ## - GENERAL NOTE
General note "Based on a PRA Training Workshop: Bulwer, Natal (19-26 April 1993)." - cover.
500 ## - GENERAL NOTE
General note [Africana].
650 ## - SUBJECT ADDED ENTRY--TOPICAL TERM
Topical term or geographic name as entry element Community development
Geographic subdivision South Africa.
9 (RLIN) 3341
650 ## - SUBJECT ADDED ENTRY--TOPICAL TERM
Topical term or geographic name as entry element Partnership
Geographic subdivision South Africa.
9 (RLIN) 3342
710 2# - ADDED ENTRY--CORPORATE NAME
Corporate name or jurisdiction name as entry element International Institute for Environment and Development
Subordinate unit Sustainable Agricultural Programme.
9 (RLIN) 3343
942 ## - ADDED ENTRY ELEMENTS (KOHA)
Source of classification or shelving scheme Library of Congress Classification
Koha item type Books
Holdings
Withdrawn status Lost status Source of classification or shelving scheme Damaged status Not for loan Collection code Home library Current library Shelving location Date acquired Source of acquisition Cost, normal purchase price Total Checkouts Full call number Barcode Date last seen Copy number Price effective from Koha item type
    Library of Congress Classification     Special Collection AIU/NEGST - Tony Wilmot Memorial Library AIU/NEGST - Tony Wilmot Memorial Library Special Collection 04/09/2010 Donation (L. Casazza) 10.00   S HN 49.C6T74 1993 R40243L3232 09/26/2019 1 04/09/2010 Special Collection